<?xml version="1.0" encoding="UTF-8"?>
<collection xmlns="http://www.loc.gov/MARC21/slim">
 <record>
  <leader>01601nam a2200361 i 4500</leader>
  <controlfield tag="001">000702767</controlfield>
  <controlfield tag="003">CZ-PrGP</controlfield>
  <controlfield tag="005">20231102091807.0</controlfield>
  <controlfield tag="007">cr cn</controlfield>
  <controlfield tag="008">230328s2023    xr            000 0 cze</controlfield>
  <datafield tag="STA" ind1=" " ind2=" ">
   <subfield code="a">NEZPRACOVANÝ IMPORT</subfield>
  </datafield>
  <datafield tag="020" ind1=" " ind2=" ">
   <subfield code="a">978-80-271-6818-7</subfield>
   <subfield code="c">339 Kč</subfield>
   <subfield code="q">(online ; pdf)</subfield>
  </datafield>
  <datafield tag="020" ind1=" " ind2=" ">
   <subfield code="a">978-80-271-3568-4</subfield>
   <subfield code="c">399 Kč</subfield>
   <subfield code="q">(print)</subfield>
  </datafield>
  <datafield tag="072" ind1=" " ind2="7">
   <subfield code="a">SEL031000</subfield>
   <subfield code="x">SELF-HELP / Personal Growth / General</subfield>
   <subfield code="2">bisacsh</subfield>
  </datafield>
  <datafield tag="100" ind1="1" ind2=" ">
   <subfield code="a">Davies, Melissa</subfield>
  </datafield>
  <datafield tag="245" ind1="1" ind2="0">
   <subfield code="a">Vyjednávání s respektem</subfield>
   <subfield code="b">Umění budovat trvalá partnerství</subfield>
   <subfield code="c">Melissa Davies</subfield>
  </datafield>
  <datafield tag="250" ind1=" " ind2=" ">
   <subfield code="a">1. elektronické vydání</subfield>
  </datafield>
  <datafield tag="264" ind1=" " ind2="1">
   <subfield code="b">Grada</subfield>
   <subfield code="c">2023</subfield>
  </datafield>
  <datafield tag="300" ind1=" " ind2=" ">
   <subfield code="a">1 online zdroj (240 stran)</subfield>
  </datafield>
  <datafield tag="336" ind1=" " ind2=" ">
   <subfield code="a">text</subfield>
   <subfield code="b">txt</subfield>
   <subfield code="2">rdacontent</subfield>
  </datafield>
  <datafield tag="337" ind1=" " ind2=" ">
   <subfield code="a">počítač</subfield>
   <subfield code="b">c</subfield>
   <subfield code="2">rdamedia</subfield>
  </datafield>
  <datafield tag="338" ind1=" " ind2=" ">
   <subfield code="a">online zdroj</subfield>
   <subfield code="b">cr</subfield>
   <subfield code="2">rdacarrier</subfield>
  </datafield>
  <datafield tag="520" ind1="3" ind2=" ">
   <subfield code="a">Efektivní vyjednávání vede ke stabilním partnerstvím, pomáhá všem stranám dosáhnout vyšších cílů, než k jakým by dospěly samostatně, a umožňuje organizacím vyhnout se nákladným konfliktům. Poznejte účinnou metodu vyjednávání, kterou lze uplatnit při osobních setkáních i virtuálních jednáních a která přináší trvalé dohody.</subfield>
  </datafield>
  <datafield tag="650" ind1="0" ind2="4">
   <subfield code="a">Osobní rozvoj a poznání</subfield>
  </datafield>
  <datafield tag="650" ind1="0" ind2="4">
   <subfield code="a">Komunikace</subfield>
  </datafield>
  <datafield tag="650" ind1="0" ind2="4">
   <subfield code="a">Komunikační dovednosti</subfield>
  </datafield>
  <datafield tag="856" ind1="4" ind2="0">
   <subfield code="u">https://www.bookport.cz/AccountSaml/SignIn/?idp=https://id.vse.cz/idp/shibboleth&amp;returnUrl=/kniha/vyjednavani-s-respektem-11715/</subfield>
   <subfield code="y">Plný text</subfield>
  </datafield>
  <datafield tag="BAS" ind1=" " ind2=" ">
   <subfield code="a">BOOKPORT</subfield>
  </datafield>
  <datafield tag="BAS" ind1=" " ind2=" ">
   <subfield code="a">EB</subfield>
  </datafield>
  <datafield tag="LKR" ind1=" " ind2=" ">
   <subfield code="a">PAR</subfield>
   <subfield code="b">000697606</subfield>
   <subfield code="l">UEP01</subfield>
   <subfield code="r">776</subfield>
   <subfield code="m">E-book</subfield>
   <subfield code="n">Tištěná verze</subfield>
  </datafield>
  <datafield tag="993" ind1=" " ind2=" ">
   <subfield code="x">NEPOSILAT</subfield>
   <subfield code="y">EB</subfield>
  </datafield>
 </record>
</collection>
